| 000 | 00447nam a2200181Ia 4500 | ||
|---|---|---|---|
| 003 | GCL | ||
| 008 | 140319s9999 xx 000 0 eng d | ||
| 040 |
_aGCL / _cGCL |
||
| 082 | 0 | 4 |
_a821 _bS P |
| 100 | 1 | _aSPENDER, STEPHEN | |
| 245 | 1 | 0 |
_aPOETRY SINCE 1939 / _cSPENDER, STEPHEN |
| 260 |
_a[S.N] : _bTHE BRITISH COUNCIL ، _c1946 |
||
| 300 | _a70 P | ||
| 650 | 0 | 4 | _aENGLISH POETRY |
| 650 | 0 | 4 | _aLITERATURE |
| 650 | 0 | 4 | _aPOETRY |
| 942 |
_2ddc _cBK |
||
| 999 |
_c11880 _d11880 |
||